Obálka Náhled e-knihy:
PDF Epub
Pro půjčování e-knih musíte být přihlášeni.
Jak si půjčit online?

Olaf /

Dva krátké pohádkové příběhy inspirované oblíbeným animovaným filmem z dílny W. Disneyho.

Uloženo v:
Hlavní autor: Parent, Nancy (Autor)
Další autoři: Maruyama, Jerrod (Autor), Michalíková, Adéla, 1990- (Ilustrátor), Parent, Nancy. (Překladatel)
Médium: E-kniha
Jazyk:Czech
Vydáno: V Praze : Egmont, 2022
Vydání:První vydání
Edice:Disney. Maličké pohádky
Témata:
Tagy:
Žádné tagy
LEADER 02291nam a2200541 i 4500
001 311630
003 CZ PrSKC
005 20260601215709.0
007 ta
008 220817s2022 xr a a 000 j cze
015 |a cnb003442851 
020 |a 9788025252123  |q (vázáno) :  |c Kč 199,00 
035 |a (OCoLC)1347064865 
040 |a ABG001  |b cze  |d ABA001  |e rda 
041 1 |a cze  |h eng 
072 7 |a 821-93  |x Literatura pro děti a mládež (beletrie)  |2 Konspekt 
080 |a 821-32  |2 MRF 
080 |a 821-93  |2 MRF 
080 |a (0:82-32)  |2 MRF 
100 1 |a Parent, Nancy  |7 xx0168471  |4 aut 
245 1 0 |a Olaf /  |c Nancy Parent, Jerrod Maruyama ; z anglického originálu přeložila Adéla Michalíková 
250 |a První vydání 
264 1 |a V Praze :  |b Egmont,  |c 2022 
300 |a 55 stran :  |b barevné ilustrace ;  |c 16 cm 
336 |a text  |b txt  |2 rdacontent 
336 |a statický obraz  |b sti  |2 rdacontent 
337 |a bez média  |b n  |2 rdamedia 
338 |a svazek  |b nc  |2 rdacarrier 
490 1 |a Disney. Maličké pohádky 
500 |a Napsala Nancy Parent ; ilustrace Jerrod Maruyama 
505 0 0 |t Olaf a kouzelné sáňky --  |t Palačinky 
520 2 |a Dva krátké pohádkové příběhy inspirované oblíbeným animovaným filmem z dílny W. Disneyho. 
521 8 |a Pro děti od 2 let 
655 7 |a příběhy  |7 fd133204  |2 czenas 
655 7 |a publikace pro děti  |7 fd133156  |2 czenas 
655 9 |a stories  |2 eczenas 
655 9 |a children's literature  |2 eczenas 
700 1 |a Maruyama, Jerrod  |7 xx0234000  |4 ill 
700 1 |a Michalíková, Adéla,  |d 1990-  |7 xx0224626  |4 trl 
700 1 2 |a Parent, Nancy.  |t Olaf and the magic sled.  |l Česky 
700 1 2 |a Parent, Nancy.  |t Anna cooks French crepes.  |l Česky 
830 0 |a Disney.  |p Maličké pohádky 
900 |a ABA001  |b 20 
928 9 |a Albatros Media - Egmont 
044 |a xr 
910 |a RBIT002 
998 |d 358114  |a https://core.palmknihy.cz/api/books/358114/cover?si991j  |b https://core.palmknihy.cz/api/books/358114/cover/400?si991j  |c https://core.palmknihy.cz/api/books/358114/cover/50?si991j  |e 2026-12-31  |g 56  |i 9788025252123  |j https://core.palmknihy.cz/api/books/358114/preview.epub  |k https://core.palmknihy.cz/api/books/358114/preview.pdf  |l   |q 49  |r 1  |s https://www.palmknihy.cz/kniha/358114  |t ebook  |y 2022  |z 0 
999 |d 311628